| 000 | 003170000a22000970004500 | ||
|---|---|---|---|
| 100 | 1 | _aDoyle, Brian | |
| 245 | 1 | 0 | _aKnock, knock, knockin on Sodom's door : The function of TLD/HTP in Genesis 18-19 |
| 300 | _aVol. 28, Núm 4 (2004), Páginas 431-448 | ||
| 773 | 0 | _tJournal for the Study of the Old Testament | |
| 942 | _cANA | ||
| 999 |
_c54911 _d54911 |
||